00729nam a2200265Ia 450000500170000000800460001702000180006303700100008104000080009104000080009904000080010704100080011504100080012308400080013110000410013924500630018026000230024326000090026636500050027536500080028085600530028894200100034199900210035195200910037220260324114549.0008 260324s9999 xx 000 0 eng d a9781003248743 aEBOOK aCRL beng cCRL 2eng aeng qCRL aAmit Bansal; Hitesh Vasudev91151270 0aAdvances in Microwave Processing for Engineering Materials bTaylor and Francis c2022 a b305 uhttp://www.taylorfrancis.com/books/9781003248743 cEBOOK c1741525d1741525 00104070aCRLbCRLd2026-03-24l0pCL2023740r2026-03-24 11:45:49w2026-03-24yEBOOK